000 00524cam a2200217 4500
001 D7043
008 090401t1983 xxu||||| |||| 00| 0 eng d
035 _a(Sirsi) u4892
041 _aeng
050 _a695
100 _aMayo, A.P.
245 _aTrussed rafter roofs
260 _aGarston, Watford
_bBuilding Research Establishment
_c1983
300 _a3p. 30cm
350 _a0
490 _aInformation Paper
_v14/83
700 _aRodwell, D.F.G.
700 _aMorgan, J.W.W.
942 _n0
948 _c04/03/1997
999 _c86083
_d86083